500 Rappers 2021 - Statistics

General Stats
  • This quiz has been taken 1,822 times
  • The average score is 72 of 500
Answer Stats
Hint Answer % Correct
Dead 2Pac
88%
Dead The Notorious B.I.G.
83%
Drake
80%
Dead XXXTentacion
79%
Eminem
77%
Kanye West
75%
Dead Juice WRLD
73%
Kendrick Lamar
71%
Lil B
69%
Lil Wayne
69%
Snoop Dogg
69%
Jay-Z
67%
Lil Nas X
67%
Nicki Minaj
66%
Travis Scott
66%
Dr. Dre
65%
50 Cent
64%
Ice Cube
63%
Lil Uzi Vert
63%
DaBaby
62%
Cardi B
61%
Nas
61%
21 Savage
60%
Future
60%
Lil Baby
60%
Dead Pop Smoke
59%
J. Cole
56%
Dead Lil Peep
56%
Offset
55%
Dead Eazy-E
54%
Lil Pump
54%
Playboi Carti
53%
Quavo
52%
Tyler The Creator
52%
Young Thug
52%
Gunna
51%
Dead Takeoff
51%
Lil Durk
50%
Lil Yachty
47%
Dead Mac Miller
47%
(Singer) Post Malone
46%
A$AP Rocky
45%
Dead King Von
45%
Megan Thee Stallion
45%
Roddy Ricch
45%
Lil TJay
44%
André 3000
43%
Kodak Black
42%
Lil Tecca
41%
Polo G
41%
NBA YoungBoy
40%
NLE Choppa
40%
Rick Ross
40%
(Singer) The Weeknd
40%
Chief Keef
38%
Dead DMX
38%
Kid Cudi
38%
Trippie Redd
38%
Diddy
37%
T.I.
37%
Wiz Khalifa
37%
A$AP Ferg
36%
Don Toliver
36%
Lil Mosey
36%
Gucci Mane
35%
Dead MF Doom
35%
Baby Keem
34%
Denzel Curry
34%
Pusha T
34%
Jack Harlow
33%
J.I.
33%
Ludacris
33%
Lauryn Hill
32%
Logic
32%
YNW Melly
32%
2 Chainz
31%
Chance The Rapper
31%
Meek Mill
31%
Big Sean
30%
Blueface
30%
Doja Cat
30%
Dead Nate Dogg
30%
Frank Ocean
29%
Lil' Kim
29%
Lil Skies
29%
LL Cool J
29%
ScHoolboy Q
29%
Swae Lee
29%
SZA
29%
Chris Brown
28%
JID
28%
Method Man
28%
Rakim
28%
Tyga
27%
A Boogie Wit Da Hoodie
26%
Childish Gambino
26%
Ice-T
26%
Missy Elliot
26%
RZA
26%
Ski Mask The Slump God
26%
The Game
26%
Busta Rhymes
25%
Dead Coolio
25%
G-Eazy
25%
Ghostface Killah
25%
GZA
25%
Joey Bada$$
25%
Lil Xan
25%
NAV
25%
Raekwon
25%
Big Boi
24%
Common
24%
Jay Rock
24%
Lil Dicky
24%
Dead Nipsey Hussle
24%
Dead Big L
23%
Dead Big Pun
23%
Tory Lanez
23%
T-Pain
23%
Ty Dolla $ign
23%
Earl Sweatshirt
22%
Fivio Foreign
22%
French Montana
22%
Dead Lil Loaded
22%
Mos Def
22%
Nelly
22%
Sheck Wes
22%
Skepta
22%
Soulja Boy
22%
YG
22%
Desiigner
21%
Fat Joe
21%
Machine Gun Kelly
21%
Cordae
20%
Freddie Gibbs
20%
Dead PnB Rock
20%
Rich The Kid
20%
The Kid LAROI
20%
B.o.B
19%
Fetty Wap
19%
G Herbo
19%
Lil Jon
19%
MC Ren
19%
NF
19%
Dead Ol' Dirty Bastard
19%
Dead Prodigy
19%
Rod Wave
19%
42 Dugg
18%
Iggy Azalea
18%
Jeezy
18%
Juicy J
18%
Dead Lil Keed
18%
Moneybagg Yo
18%
$not
18%
Redman
18%
Dead Young Dolph
18%
Young Nudy
18%
Anderson .Paak
17%
Ja Rule
17%
Lupe Fiasco
17%
Smokepurpp
17%
YBN Nahmir
17%
Ab-Soul
16%
Joyner Lucas
16%
Vince Staples
16%
Birdman
15%
Danny Brown
15%
E-40
15%
Key Glock
15%
KRS-One
15%
Tay-K
15%
Kevin Gates
14%
MC Hammer
14%
Big Daddy Kane
13%
Jadakiss
13%
Nardo Wick
13%
Pooh Shiesty
13%
Rich Homie Quan
13%
SoFaygo
13%
Twista
13%
Xzibit
13%
24kGoldn
12%
6LACK
12%
Benny The Butcher
12%
BIA
12%
Inspectah Deck
12%
KSI
12%
Latto
12%
Royce Da 5'9
12%
Sleepy Hallow
12%
Wale
12%
Warren G
12%
Yo Gotti
12%
Aminé
11%
Bas
11%
Coi Leray
11%
Dead Proof
11%
Quando Rondo
11%
Bobby Shmurda
10%
Conway The Machine
10%
Famous Dex
10%
Iann Dior
10%
Isaiah Rashad
10%
Project Pat
10%
Sheff G
10%
U-God
10%
A$AP Nast
9%
BlocBoy JB
9%
Female Rap Duo City Girls
9%
MC Eiht
9%
Rico Nasty
9%
Slick Rick
9%
Tech N9ne
9%
Dead (Singer) Aaliyah
8%
A$AP Ant
8%
Big K.R.I.T.
8%
Cam'Ron
8%
Dead Capital STEEZ
8%
Cochise
8%
DDG
8%
Hopsin
8%
Kyle
8%
Masta Killa
8%
Saweetie
8%
Stunna 4 Vegas
8%
Tee Grizzley
8%
Rap Group $uicideboy$
8%
A$AP Twelvyy
7%
Almighty Jay
7%
BJ The Chicago Kid
7%
Bun B
7%
Comethazine
7%
EST Gee
7%
Jaden
7%
Jay Electronica
7%
Kool G Rap
7%
Lil Reese
7%
MC Lyte
7%
Dead Phife Dawg
7%
Shy Glizzy
7%
Waka Flocka Flame
7%
YNW BSlime
7%
Young M.A
7%
Bhad Bhabie
6%
CJ
6%
Dave East
6%
Flo Milli
6%
Foolio
6%
Kurupt
6%
Morray
6%
Ugly God
6%
22Gz
5%
Cappadonna
5%
DC The Don
5%
Fabolous
5%
Dead Fat Pat
5%
Dead Fredo Santana
5%
IDK
5%
Jackboy
5%
Dead JayDaYoungan
5%
Jeremih
5%
Kid Ink
5%
Lil Bibby
5%
Lloyd Banks
5%
MadeinTYO
5%
Dead Magnolia Shorty
5%
Dead Pimp C
5%
StaySolidRocky
5%
Yungeen Ace
5%
9lokkNine
4%
Ace Hood
4%
AJ Tracey
4%
Babyface Ray
4%
Bow Wow
4%
Calboy
4%
Dusty Locane
4%
Dead FBG Duck
4%
Fredo Bang
4%
Dead Heavy D
4%
H.E.R.
4%
Lil Gotit
4%
Master P
4%
Money Man
4%
OJ Da Juiceman
4%
Quadeca
4%
Robb Bank$
4%
Dead Speaker Knockerz
4%
Tierra Whack
4%
Too $hort
4%
Vic Mensa
4%
YK Osiris
4%
Zillakami
4%
BIG30
3%
Dead Big Hawk
3%
Dead Big Moe
3%
Dead Big Scarr
3%
Dead Biz Markie
3%
Blac Youngsta
3%
Blxst
3%
Boosie Badazz
3%
Daz Dillinger
3%
DJ Quik
3%
Dead Dolla
3%
Dead Drakeo The Ruler
3%
Hotboii
3%
Dead Jam Master Jay
3%
Jasiah
3%
Jay Critch
3%
Dead L'A Capone
3%
Landon Cube
3%
Dead Lil Snupe
3%
Dead Mac Dre
3%
Mario Judah
3%
Dead Mo3
3%
Plies
3%
Rowdy Rebel
3%
Silento
3%
SSGKobe
3%
Styles P
3%
Toosii
3%
YFN Lucci
3%
Young Buck
3%
Young Scooter
3%
03 Greedo
2%
Dead 6 Dogs
2%
Dead Bankroll Fresh
2%
Bugzy Malone
2%
Dead Capo
2%
Dead Craig Mack
2%
DeJ Loaf
2%
Dead Dex Osama
2%
Doe Boy
2%
Duke Deuce
2%
Flipp Dinero
2%
Dead Houdini
2%
Jim Jones
2%
Juelz Santana
2%
K Camp
2%
Lil Eazzyy
2%
Dead Lil JoJo
2%
Ma$e
2%
Mozzy
2%
NoCap
2%
Ray J
2%
Rob $tone
2%
RondoNumbaNine
2%
Rooga
2%
Sada Baby
2%
SCARLXRD
2%
Scorey
2%
Dead Shock G
2%
Rap Group Shoreline Mafia
2%
Dead Soulja Slim
2%
SpotemGottem
2%
Tion Wayne
2%
TOKYO'S REVENGE
2%
Trinidad James
2%
Dead Trouble
2%
Vory
2%
Wifisfuneral
2%
Dead Young Pappy
2%
Yung Bleu
2%
2kBaby
1%
Asian Doll
1%
Bankroll Freddie
1%
BigKayBeezy
1%
Bizzy Banks
1%
Dead Black Rob
1%
Dead Blood Money
1%
Booka600
1%
Clever
1%
Curren$y
1%
Danny Towers
1%
Doodie Lo
1%
Dead Edai
1%
FastMoney Goon
1%
Dead FBG Brick
1%
Foogiano
1%
Dead Freaky Tah
1%
Dead Fred The Godson
1%
Dead Huey
1%
Icewear Vezzo
1%
Jacquees
1%
Dead Jimmy Wopo
1%
Kash Doll
1%
King Tee
1%
Kirko Bangz
1%
Dead KTS Von
1%
Lakeyah
1%
Dead Lil Jeff
1%
Dead Lil Marc
1%
Lil Poppa
1%
Lil Zay Osama
1%
LPB Poody
1%
Luh Kel
1%
Max B
1%
Memo600
1%
Montana of 300
1%
Muwop
1%
OMB Peezy
1%
Dead OTF Nunu
1%
Peewee Longway
1%
Peezy
1%
Pressa
1%
Prince Dre
1%
Problem
1%
Remble
1%
Dead Smoke Dawg
1%
Rap Group SOB X RBE
1%
Spinabenz
1%
S - X
1%
Tadoe
1%
Troy Ave
1%
Tyla Yaweh
1%
Whoppa Wit Da Choppa
1%
YN Jay
1%
YNW Bortlen
1%
Young Chop
1%
Young Dro
1%
Dead Young Greatness
1%
30Deep Grimeyy
0%
40 Glocc
0%
600Breezy
0%
Dead ATM Grinda
0%
Dead Baby CEO
0%
Dead Bando HotHead
0%
Dead Band Pacino
0%
Dead Bankboy Wayne
0%
Dead Bankroll Gambino
0%
Dead BCR Meezle
0%
BFB Da Packman
0%
Big Lurch
0%
Dead Bizzie Gambino
0%
Dead Blade Icewood
0%
B.Lou
0%
Dead Boosa Da Shoota
0%
Boss Top
0%
Dead Bris
0%
BRS Kash
0%
Dead Cam Coldheart
0%
Chief Wuk
0%
CoachDaGhost
0%
Dead C Struggs
0%
Dead Cutty Banks
0%
Dead Da Real Gee Money
0%
Dead DBG Doeskii
0%
Dee Watkins
0%
Dead Dooski Tha Man
0%
DqFrmDaO
0%
Dead EBE Bandz
0%
Dead EBN Roo
0%
Dead EMG Santana
0%
FCG Heem
0%
Fetty Luciano
0%
Dead Flatline Nizzy
0%
Dead FTG Metro
0%
Glasses Malone
0%
Guwop Reign
0%
Dead Huncho Dinero
0%
Jay Gwuapo
0%
Jayo Felony
0%
JusBlow600
0%
Kevo Muney
0%
Ksoo
0%
Dead Kwon Bandz
0%
Dead Lexii Alijai
0%
Dead Lil Kevo 069
0%
Dead Lil Lonnie
0%
Dead Lil Marlo
0%
Lil Migo
0%
Dead Lil Mister
0%
Lit Yoshi
0%
Dead Mac P Dawg
0%
Melvoni
0%
Mooski
0%
Dead MUBU Krump
0%
Dead Naj Murph
0%
Dead NH$ Jay Jay
0%
Dead Nick Blixky
0%
Nuski2Squad
0%
Dead OG ManMan
0%
Pardison Fontaine
0%
ProjectYoungin
0%
Q Da Fool
0%
Dead Runup Rico
0%
Dead ShootaShellz
0%
Slimelife Shawty
0%
Dead Slutty Sonny
0%
Snap Dogg
0%
Dead Stepa J. Groggs
0%
Taleban Dooda
0%
Tay600
0%
Teejayx6
0%
TheHxliday
0%
THF Zoo
0%
Dead Tray Savage
0%
Dead VL Mike
0%
Dead WizDaWizard
0%
YSN Flow
0%
Yung Mal
0%
No matching quizzes found
Score Distribution
Percent of People with Each Score
Percentile by Number Answered
Your Score History
You have not taken this quiz